[Event "Hallstahammar op"]
[Site "Hallstahammar"]
[Date "2004.09.11"]
[Round "5"]
[White "Forsberg, Ludvig"]
[Black "Jahjajev, Zaur"]
[Result "0-1"]
[WhiteElo "1471"]
[BlackElo "1831"]
[PlyCount "122"]
[EventDate "2004.09.10"]
[EventType "swiss"]
[EventRounds "8"]
[EventCountry "SWE"]
[SourceTitle "EXT 2005"]
[Source "ChessBase"]
[SourceDate "2004.11.15"]
[SourceVersion "1"]
[SourceVersionDate "2004.11.15"]
[SourceQuality "1"]

1. e4 e6 2. d4 d5 3. e5 c5 4. c3 Nc6 5. Be3 Qa5 6. Qd2 cxd4 7. cxd4 Bb4 8. Nc3 f6 9. exf6 Nxf6 10. Bd3 0-0 11. Nf3 Re8 12. a3 Bd6 13. 0-0 Qb6 14. Bc2 a6 15. Rfe1 Bd7 16. Rad1 Qc7 17. Bf4 Bxf4 18. Qd3 b5 19. h3 b4 20. Ne2 bxa3 21. bxa3 Na5 22. g3 Bd6 23. Ng5 Bb5 24. Qd2 Nc4 25. Qc1 Nxa3 26. Bb3 Qxc1 27. Rxc1 Bb4 28. Nc3 Bd7 29. Red1 Bxc3 30. Rxc3 h6 31. Nf3 Rec8 32. Re3 Nc4 33. Re2 Rab8 34. Ba2 a5 35. Kg2 a4 36. Ra1 Ne4 37. Bxc4 Rxc4 38. Ne5 Rc7 39. Nxd7 Rxd7 40. f3 Nc3 41. Rxe6 Rb2+ 42. Kf1 Rdb7 43. Ra3 Rb1+ 44. Kf2 R7b2+ 45. Ke3 Re2+ 46. Kf4 Rxe6 47. Rxc3 Kf7 48. Rc7+ Kf6 49. Ra7 h5 50. g4 Rg1 51. gxh5 Ra1 52. h4 a3 53. Kg4 a2 54. Kf4 Rd1 55. Rxa2 Rxd4+ 56. Kg3 Rd1 57. Ra8 d4 58. Rd8 d3 59. Kf4 d2 60. Rd7 Re2 61. Rd6+ Ke7 0-1

[Event "Hallstahammar op"]
[Site "Hallstahammar"]
[Date "2004.09.11"]
[Round "6"]
[White "Wiklund, Patrik"]
[Black "Forsberg, Ludvig"]
[Result "1/2-1/2"]
[WhiteElo "1611"]
[BlackElo "1471"]
[PlyCount "61"]
[EventDate "2004.09.10"]
[EventType "swiss"]
[EventRounds "8"]
[EventCountry "SWE"]
[SourceTitle "EXT 2005"]
[Source "ChessBase"]
[SourceDate "2004.11.15"]
[SourceVersion "1"]
[SourceVersionDate "2004.11.15"]
[SourceQuality "1"]

1. e4 e5 2. Nf3 Nc6 3. d4 exd4 4. Bc4 Be7 5. c3 dxc3 6. Qd5 Nh6 7. Bxh6 0-0 8. Nxc3 gxh6 9. Qh5 d6 10. Qxh6 Ne5 11. Nxe5 dxe5 12. Nd5 Bg5 13. Qh5 c6 14. h4 Bd2+ 15. Kxd2 cxd5 16. Bxd5 Qa5+ 17. Kc2 Qc7+ 18. Kd3 Bd7 19. Rac1 Qd6 20. Kc2 Rac8+ 21. Kb1 Rxc1+ 22. Rxc1 b6 23. Rc3 Qf6 24. Rf3 Qe7 25. Qh6 Kh8 26. Qh5 Kg8 27. g4 Kg7 28. g5 Be6 29. Bxe6 Qxe6 30. Rf6 Qc4 31. Qh6+ 1/2-1/2